000 00594nam a2200217Ia 4500
003 OSt
005 20250730181941.0
008 210423s1990 xx 000 0 und d
020 _a8170330890
040 _cAL
041 _aEnglish
082 _a307.762
_bVERP
100 _aVerma S L
_9101128
245 _aPanchayati raj gram swaraj and federal polity
260 _aJaipur
_bRawat Publications
_c1990
365 _b250
_cINR
650 _aSociology
_9101129
650 _aUrban Communities
_9101130
906 _afederal ; gram ; Panchayati ; polity ; raj ; swaraj
942 _2ddc
_cBK
999 _c171641
_d171641